00262nam a2200097Ia 4500008004100000082001500041100002800056245002800084260003500112300001700147230907s9999||||xx |||||||||||||| ||und|| a681.4bFIS aFischer, Robert Edward, 0aOptical system design / aMcGraw-Hill,bNew York :c2008 axv, 809 p. :